Defensa de la autonomía de Cataluña / (Record no. 27179)

MARC details
000 -LEADER
campo de control de longitud fija 00650nam a2200217 i 4500
001 - NÚMERO DE CONTROL
campo de control 27179
003 - IDENTIFICADOR DE NÚMERO DE CONTROL
campo de control ES-MaACL
005 - FECHA Y HORA DE LA ÚLTIMA TRANSACCIÓN
campo de control 20230906153555.0
007 - CAMPO FIJO DE DESCRIPCIÓN FÍSICA--INFORMACIÓN GENERAL
campo de control de longitud fija t|
008 - DATOS DE LONGITUD FIJA--INFORMACIÓN GENERAL
campo de control de longitud fija 030113s1977 sp |||| | spa d
100 1# - ENTRADA PRINCIPAL--NOMBRE DE PERSONA
Nombre de persona Azaña, Manuel,
Fechas asociadas al nombre 1880-1940
9 (RLIN) 24223
245 10 - MENCIÓN DEL TÍTULO
Título Defensa de la autonomía de Cataluña /
Mención de responsabilidad, etc. Manuel Azaña.
250 ## - MENCION DE EDICION
Mención de edición 1ª ed.
260 ## - PUBLICACIÓN, DISTRIBUCIÓN, ETC.
Lugar de publicación, distribución, etc. [Barcelona] :
Nombre del editor, distribuidor, etc. Undarius,
Fecha de publicación, distribución, etc. 1977.
300 ## - DESCRIPCIÓN FÍSICA
Extensión 86 p. ;
Dimensiones 19 cm.
490 1# - MENCIÓN DE SERIE
Mención de serie Colección textos. Serie hispania
650 04 - PUNTO DE ACCESO ADICIONAL DE MATERIA--TÉRMINO DE MATERIA
Término de materia o nombre geográfico como elemento de entrada Regionalismo-
Subdivisión geográfica Cataluña.
9 (RLIN) 16747
830 0# - PUNTO DE ACCESO ADICIONAL DE SERIE-TÍTULO UNIFORME
Título uniforme Colección textos. Serie hispania
9 (RLIN) 226389
852 ## - LOCALIZACIÓN
Ubicación ES-MaACL
Número de control de estantería A-7205
Holdings
Estatus retirado Estado de pérdida Estado de daño No para préstamo Biblioteca de origen Biblioteca actual Ubicación en estantería Fecha de adquisición Fuente de adquisición Total de préstamos Signatura topográfica completa Código de barras Visto por última vez Precio de reemplazo Tipo de ítem Koha
        Biblioteca del Ateneo de Madrid Biblioteca del Ateneo de Madrid Sala Pecera Planta 1 17/01/2008     A-7205 1028051 23/02/2023 23/02/2023 Libro impreso